000 00536nam a2200169 4500
001 120679
003 ES-MaACL
005 20230906191611.0
007 t|
008 070214s1935 sp r ||||1| spa d
245 0 3 _aEl adelanto de Cazorla /
_clibro escrito bajo la dirección de Lorenzo Polaino Ortega ; con un prólogo de A. Ramírez Tomé.
260 _aMadrid :
_b[s.n.],
_c1935.
300 _a370 p. ;
_c18 cm.
700 1 _aPolaino Ortega, Lorenzo.
_992798
700 1 _aRamírez Tomé, A.
_995171
852 _aES-MaACL
_jA-4051
999 _c120679
_d120679